00279nam a2200109Ia 4500008004100000041000800041082001300049100003300062245001900095260004600114300000900160220803s9999 xx 000 0 und d aeng a711.5SHA aShaheer M Ed. & Mathur S Ed. aInstant Cities a DelhibIsola Delhi Conference 2009c2009 a130p